01148nam a2200265 a 450000100060000000300080000600500170001400800410003102000120007203500190008404000320010304100080013504300120014308200310015511000440018624501440023026000350037430000250040950000170043465000520045194200130050399900170051695201780053395201710071136008BD-RjUL20211209052422.0190211s1980 bg f000 0 eng  cTk30.00 a(BD-RjUL)36105 aDLCcDLCdDLCdBD-RjULbeng aeng aa-bg---00a338.02095492223bBAB 19801 aBangladesh Bureau of Statistics922808310aBangladesh standard industrial classification of all economic activities, 1980 (BSIC, 1980) /ccompiled by Bangladesh Bureau of Statistics. a[Dacca] :bThe Bureau,c[1980] avi, 140 p. ;c29 cm. aCover title. 0aIndustrieszBangladeshxClassification.9228078 2ddccRAR c36008d36008 00102ddc40718RAREaRUCLbRUCLcRared1984-08-04eDhaka biswabidaya grontho songstha, D. U.g30.00l0oRA 338.02095492 BAB 1980r2019-02-11 00:00:00tC-1w2019-02-11yRAR 00102ddc40718RAREaRUCLbRUCLcRared1984-08-04eDhaka biswabidaya grontho songstha, D. U.l0oRA 338.02095492 BAB 1980r2019-02-11 00:00:00tC-2w2021-12-09yRAR